UBT Library

Advanced Financial Accounting (Record no. 54952)

000 -LEADER
fixed length control field 00322nam a22001457a 4500
008 - FIXED-LENGTH DATA ELEMENTS--GENERAL INFORMATION
fixed length control field 190927b ||||| |||| 00| 0 eng d
020 ## - INTERNATIONAL STANDARD BOOK NUMBER
International Standard Book Number 9780078025648
041 ## - LANGUAGE CODE
Language code of text/sound track or separate title eng
080 ## - UNIVERSAL DECIMAL CLASSIFICATION NUMBER
Universal Decimal Classification number 657
082 ## - DEWEY DECIMAL CLASSIFICATION NUMBER
Classification number 657
100 ## - Rafti
Rafti 61
101 ## - Shkurtesa
Shkurtesa INF
245 ## - TITLE STATEMENT
Title Advanced Financial Accounting
Statement of responsibility, etc Cottrell.B.CH
942 ## - ADDED ENTRY ELEMENTS (KOHA)
Source of classification or shelving scheme
Item type Books
Holdings
Withdrawn status Lost status Source of classification or shelving scheme Damaged status Not for loan Permanent location Current location Shelving location Date acquired Total Checkouts Full call number Barcode Date last seen Price effective from Koha item type
          UBT - Peja UBT - Peja Koleksioni i përgjithshem 09/27/2019   657 COT 002-4000128 09/27/2019 09/27/2019 Books
          UBT - Peja UBT - Peja Koleksioni i përgjithshem 09/27/2019   657 COT 002-4000123 09/27/2019 09/27/2019 Books
          UBT - Peja UBT - Peja Koleksioni i përgjithshem 09/27/2019   657 COT 002-4000118 09/27/2019 09/27/2019 Books
          UBT - Peja UBT - Peja Koleksioni i përgjithshem 09/27/2019   657 COT 002-4000113 09/27/2019 09/27/2019 Books
          UBT - Peja UBT - Peja Koleksioni i përgjithshem 09/27/2019   657 COT 002-4000108 09/27/2019 09/27/2019 Books
UBT Library © 2015-2024. All rights reserved University Education for Business and Technology